000 00774nas a2200265 4500
001 BR2011005562
003 BR-BrBNA
005 20231205115123.0
007 ta
008 230509b bl.|||p| |||| 00| 00por d
040 _aBR-BrBNA
_bpor
_cBiblioteca Nacional de Agricultura
041 _a(Pt)
072 _aF30
100 1 _aOliveira, D.M. de
100 1 _aSouza, M.A. de
100 1 _aRocha, V.S.
100 1 _aAssis, J.C. de
245 1 _aDesempenho de genitores e populações segregantes de trigo sob estresse de calor
650 _aTRIGO
650 _aTEMPERATURA
650 _aCALOR
773 0 _tBragantia (Brazil)
_xISSN 0006-8705
_g(Jan-Mar 2011), v. 70(1) p. 25-32
_wBR2011005562
909 _a202311
_bLúcia
_c55
_dLúcia Elande
942 _2AGRIS
_n0
_cANA
999 _c212176
_d212176